Statistics for Christian Bale Movies

Click here to take the quiz!

General Stats

  • This quiz has been taken 20 times
    (11 since last reset)
  • The average score is 9 of 23

Answer Stats

Year ReleasedCostarsMovie% Correct
2008Heath Ledger, Aaron EckhartThe Dark Knight
100%
2005Liam Neeson, Cillian MurphyBatman Begins
90%
2012Tom Hardy, Anne HathawayThe Dark Knight Rises
80%
2000Reese Witherspoon, Willem DafoeAmerican Psycho
70%
1987John Malkovich, Ben StillerEmpire of the Sun
60%
2022Chris Hemsworth, Natalie PortmanThor: Love and Thunder
60%
2013Amy Adams, Jennifer LawrenceAmerican Hustle
50%
2006Hugh Jackman, Michael CaineThe Prestige
50%
2004Jennifer Jason Leigh, John SharionThe Machinist
40%
2019Matt Damon, Jon BernthalFord v Ferrari
30%
2000Samuel L. Jackson, Busta RhymesShaft
30%
2015Ryan Gosling, Steve CarellThe Big Short
30%
2018Sam Rockwell, Amy AdamsVice
30%
2022Margot Robbie, Timothy OlyphantAmsterdam
20%
2014Joel Edgerton, Aaron PaulExodus: Gods and Kings
20%
2009Johnny Depp, Marion CotillardPublic Enemies
20%
1993Robert Sean Leonard, Frank WhaleySwing Kids
20%
2002Emily Watson, Sean BeanEquilibrium
10%
2018Rohan Chand, Andy SerkisMowgli: Legend of the Jungle
10%
2013Casey Affleck, Woody HarrelsonOut of the Furnace
10%
2009Bryce Dallas Howard, Helena Bonham CarterTerminator: Salvation
10%
2011Ni Ni, Chun LiThe Flowers of War
10%
1995Irene Bedard, Mel GibsonPocahantas
0%

Score Distribution

Percentile by Number Answered

Percent of People with Each Score

Your Score History

You have not taken this quiz since the last reset